000
00197 a2200097 4500
001
16022
100
_a
F.I.E
245
_a
Middle east annual review
260
_a
_b
F.I.E
_c
090
_c
12404
_d
12404
942
_a
NUST-CAE
_c
M
_c
2675
999
_c
251095
_d
251095